000 00332nam a2200145Ia 4500
008 210210b1953 xxu||||| |||| 00| 0 eng d
041 _aeng
082 _a829/911
100 _aSCOTT (B M)
245 _aMagdalen
260 _aLondon
_bHutchinson & Co
_c1953
650 _aMagdalen
690 _aEnglish Fiction
906 _a017526
999 _c137510
_d137510